Wymień największy kraj mający dostęp do podanego zbiornika wodnego #1 - Statystyki

Ogólne statystyki
  • Ten quiz został rozwiązany 1 126 razy
  • Średni wynik to 18 z 30
Statystyki odpowiedzi
Lp Nazwa Zbiornika Wodnego Nazwa Kraju % Poprawnych
1 Morze Bałtyckie Rosja
99%
6 Zatoka Meksykańska Stany Zjednoczone
87%
2 Morze Śródziemne Algieria
84%
4 Morze Czarne Rosja
84%
7 Morze Karaibskie Meksyk
80%
8 Morze Żółte Chiny
79%
9 Zatoka Perska Arabia Saudyjska
76%
29 Zalew Szczeciński Niemcy
76%
5 Morze Czerwone Arabia Saudyjska
74%
18 Morze Japońskie Rosja
74%
3 Morze Egejskie Turcja
73%
23 Morze Grenlandzkie Dania
71%
26 Zatoka Kalifornijska Meksyk
68%
10 Zatoka Bengalska Indie
67%
21 Kanał Mozambicki Mozambik
67%
12 Morze Koralowe Australia
65%
25 Morze Beringa Rosja
60%
27 Rio de la Plata Argentyna
55%
13 Jezioro Górne Kanada
55%
30 Morze Azowskie Rosja
54%
28 Morze Północne Francja
53%
11 Jezioro Wiktorii Tanzania
52%
16 Morze Balearskie Hiszpania
43%
19 Zatoka Gwinejska Nigeria
42%
15 Zatoka Botnicka Szwecja
40%
22 Morze Tyrreńskie Francja
35%
24 Morze Celebes Indonezja
30%
20 Jezioro Tanganika Demokratyczna Republika Konga
27%
17 Morze Salomona Papua Nowa Gwinea
27%
14 Zatoka Adeńska Somalia
25%
Nie znaleziono quizów pasujących do podanych kryteriów
Rozkład punktacji
Procent ludzi z każdym wynikiem
Percentyl według liczby udzielonych odpowiedzi
Twoja historia wyników
Nie rozwiązałeś tego quizu